000 00731nam a2200229Ia 4500
008 191130s2008##################000#0#eng##
020 _a9781861975911
022 _a2004011211
040 _aACL
_cACL
082 _a658.155 SHI
100 _aShirreff, David
245 _aDealing with financial risk
_cDavid Shirreff
260 _aLondon
_bEconomist Books
_c2008
300 _avii, 214 p. : ill. ; 23 cm.
500 _aAt head of title: The economist. Includes bibliographical references (p. 188-189) and index
650 _aBusiness enterprises - Finance
650 _aRisk management
650 _aRisk management - Case studies
990 _a8bae0ed0ac10000c11214775bac6e204
991 _a201367
999 _c255238
_d255238